| 000 | 00372nam a2200145Ia 4500 | ||
|---|---|---|---|
| 008 | 200103s9999||||xx |||||||||||||| ||und|| | ||
| 020 | _a0074604406, | ||
| 040 | _aIMU-MPC | ||
| 082 | _aColumn-8 | ||
| 100 | _aTripathi, P.C. and Reddy, P. N. | ||
| 245 | 0 | _aPrinciples of Management | |
| 260 |
_bTata McGraw-Hill publishing Cop. Ltd. _c2003 |
||
| 300 | _a323 | ||
| 942 | _cBK | ||
| 999 |
_c3973 _d3973 |
||